| Поле | Название | Значение |
| |
Тип записи |
a |
| |
Библиографический уровень |
m |
| 001 |
Контрольный номер |
501566e5000d4dcaa46510c6d9b9da62 |
| 005 |
Дата корректировки |
20201206205214.0 |
| 010 |
Индекс ISBN |
__ |
| a |
ISBN |
978-5-08-005907-0 (в пер.) |
| d |
Цена |
97-06, 4000 экз. |
| 100 |
Данные общей обработки |
__ |
| a |
Данные общей обработки |
19191021d2018||||||| 0rusy0189 ca |
| 101 |
Язык документа |
0_ |
| a |
Язык текста |
rus |
| 102 |
Страна публикации |
__ |
| a |
Страна публикации |
ru| |
| 102 |
Страна публикации |
__ |
| a |
Страна публикации |
RU |
| 105 |
Кодированные данные (монография) |
__ |
| a |
Кодированные данные (монография) |
aс||||||000zy |
| 200 |
Заглавие и сведения об ответственности |
1_ |
| a |
Заглавие |
Выстрел |
| e |
Сведения, относящиеся к заглавию |
повесть : для среднего школьного возраста |
| f |
Первые сведения об ответственности |
Анатолий Рыбаков ; художник Р. Вольский ; вступительная статья В. Смирновой |
| b |
Общее обозначение материала |
Текст |
| 210 |
Выходные данные |
__ |
| a |
Место издания |
Москва |
| c |
Издательство |
Детская литература |
| d |
Дата издания |
2018 |
| 215 |
Физическое описание |
__ |
| a |
Объем |
238, [1] с. |
| c |
Иллюстрации/тип воспроизводства |
ил. |
| d |
Формат |
21 см |
| 225 |
Серия |
__ |
| a |
Серия |
Школьная библиотека |
| 330 |
Аннотация |
__ |
| a |
Аннотация |
Широко известная детективная повесть, третья часть популярной детской трилогии ("Кортик", "Бронзовая птица" и "Выстрел") Анатолия Рыбакова, в которой арбатский парень Миша Поляков и его друзья помогают раскрыть таинственное убийство инженера. |
| 333 |
Примечание о целевом назначении |
__ |
| a |
Примечание о целевом назначении |
12+. Для детей старше 12 лет |
| 600 |
Персоналии |
__ |
| a |
Персоналии (Фамилия) |
Рыбаков, А. Н. |
| c |
Дополнение к имени |
писатель советский |
| f |
Даты |
1911-1998 |
| g |
Полное имя |
Анатолий Наумович |
| 606 |
Тематические рубрики |
__ |
| a |
Основная рубрика |
Художественная литература |
| 606 |
Тематические рубрики |
__ |
| a |
Основная рубрика |
Русская литература XX в. (произведения) |
| 610 |
Ключевые слова |
__ |
| a |
Ключевые слова |
детская литература |
| 610 |
Ключевые слова |
__ |
| a |
Ключевые слова |
детские детективы |
| 610 |
Ключевые слова |
__ |
| a |
Ключевые слова |
детские приключения |
| 610 |
Ключевые слова |
__ |
| a |
Ключевые слова |
детская классика |
| 610 |
Ключевые слова |
__ |
| a |
Ключевые слова |
детективные повести |
| 610 |
Ключевые слова |
__ |
| a |
Ключевые слова |
повести |
| 610 |
Ключевые слова |
__ |
| a |
Ключевые слова |
приключенческие повести |
| 610 |
Ключевые слова |
__ |
| a |
Ключевые слова |
советская литература |
| 610 |
Ключевые слова |
__ |
| a |
Ключевые слова |
тема детей |
| 610 |
Ключевые слова |
__ |
| a |
Ключевые слова |
тема приключений |
| 610 |
Ключевые слова |
__ |
| a |
Ключевые слова |
трилогии |
| 610 |
Ключевые слова |
__ |
| a |
Ключевые слова |
экранизированные книги |
| 610 |
Ключевые слова |
__ |
| a |
Ключевые слова |
персоналии |
| 610 |
Ключевые слова |
__ |
| a |
Ключевые слова |
писатели |
| 686 |
Индексы других классификаций |
__ |
| 2 |
Код системы |
rubbks |
| a |
Классификационный индекс |
84(2=411.2)6-4; ст84(2=411.2)6-4 |
| 700 |
Автор |
_1 |
| a |
Фамилия |
Рыбаков |
| b |
Имя |
А. Н. |
| f |
Даты |
1911-1998 |
| g |
Полное личное имя |
Анатолий Наумович |
| 4 |
Код отношения |
070 |
| 702 |
Вторичная интеллектуальная ответственность |
_1 |
| a |
Фамилия |
Вольский |
| b |
Имя |
Р. А. |
| 4 |
Код отношения |
Художник |
| f |
Даты |
1938-2007 |
| g |
Полное личное имя |
Рафаил Адольфович |
| 4 |
Код отношения |
040 |
| 702 |
Вторичная интеллектуальная ответственность |
_1 |
| a |
Фамилия |
Смирнова |
| b |
Имя |
В. В. |
| 4 |
Код отношения |
Автор предисловия и т.д. |
| f |
Даты |
1898- |
| g |
Полное личное имя |
Вера Васильевна |
| 4 |
Код отношения |
080 |
| 801 |
Источник записи |
_0 |
| a |
Страна |
ru |
| b |
Организация |
Муниципальное бюджетное учреждение культуры "Централизованная библиотечная система" г. Сургут (Центральная городская библиотека им. А. С. Пушкина) |
| c |
Дата составления |
20191021 |
| g |
Правила каталогизации |
PSBO |
| 801 |
Источник записи |
_1 |
| a |
Страна |
ru |
| b |
Организация |
Муниципальное бюджетное учреждение культуры "Централизованная библиотечная система" г. Сургут (Центральная городская библиотека им. А. С. Пушкина) |
| c |
Дата составления |
20191021 |
| g |
Правила каталогизации |
PSBO |
| 852 |
Данные о местонахождении |
__ |
| j |
Шифр хранения |
84(2=411.2)6-4 |
| i |
Авторский знак |
Р 93 |
| 901 |
Тип документа |
__ |
| t |
Тип документа |
m |
| a |
Ответственный |
КиК/Мамарузиева |
| 903 |
Характеристики (МАРС) |
__ |
| a |
Дата передачи |
20191021 |
| 969 |
Тип издания |
__ |
| a |
Тип издания |
издание для детей |
| 990 |
Данные о заказе (DOS) |
__ |
| j |
Количество экземпляров (DOS) |
11 |
| t |
N записи в КСУ для И/У (DOS) |
201911 |